000 00581cam a22002052 4500
001 0000020398
005 20151217152213.0
008 110916s xx 000 0 eng d
020 _a0809437724 :
040 _aKABU
_cKABU
100 1 _aTanner, Ogden.
_@0000060650
245 1 4 _aThe prudent use of medicine /
_cOgden Tanner.
250 _a1st ed.
260 _aVirginia :
_bLibrary of health,
_c1981.
300 _a176 p.
650 0 _aDrugs
_xPopular works.
_@0000180804
852 1 _9p1500 KES
908 _a110916
950 _@1
999 _c9309
_d9309